Torres Del Paine National Park Wildlife - Statistics

General Stats
  • This quiz has been taken 15 times
  • The average score is 13 of 36
Answer Stats
Picture Answer % Correct
Andean Condor
90%
Chilean Flamingo
90%
Cougar
80%
Feral Horse
70%
Darwin's Rhea
60%
Guanaco
60%
South American Grey Fox
50%
Torrent Duck
50%
Buff Necked Ibis
40%
Crested Caracara
40%
Culpeo
40%
Dwarf Armadillo
40%
Geoffroy's Cat
40%
Huemul
40%
Long Tailed Meadowlark
40%
Southern Lapwing
40%
Black Necked Swan
30%
Brown Trout
30%
Chilean Redback Spider
30%
Giant Bumblebee
30%
Large Hairy Armadillo
30%
Magellanic Woodpecker
30%
Coruro
20%
Cytheris Fritillary
20%
Great Grebe
20%
Large Four Eyed Frog
20%
Patagonia Sierra-Finch
20%
Ringed Kingfisher
20%
Ashy Headed Goose
10%
Austral Parakeet
10%
Humboldt's Hog Nosed Skunk
10%
Molina's Hog Nosed Skunk
10%
Patagonia Green Racer
10%
Southern Patagonian Lizard
10%
White Throated Caracara
10%
Woolly Grass Mouse
10%
No matching quizzes found
Score Distribution
Percent of People with Each Score
Percentile by Number Answered
Your Score History
You have not taken this quiz